LEADER 02213nam 2200661Ia 450 001 9910451769203321 005 20200520144314.0 010 $a978-615-5211-31-7 010 $a978-6-15521-131-7 010 $a9786155211317 010 $a615-5211-31-0 010 $a1-281-37669-8 010 $a9786611376697 010 $a1-4294-5846-1 035 $a(CKB)1000000000465089 035 $a(OCoLC)213304392 035 $a(SSID)ssj0000185666 035 $a(MiAaPQ)EBC3137222 035 $a(Au-PeEL)EBL3137222 035 $a(CaPaEBR)ebr10167857 035 $a(CaONFJC)MIL137669 035 $a(OCoLC)939262961 035 $a(EXLCZ)991000000000465089 100 $a20060616d2007 uy 0 101 0 $aeng 135 $aurcn||||||||| 181 $ctxt 182 $cc 183 $acr 200 10$aJews at the crossroads$b[electronic resource] $etradition and accommodation during the golden age of the Hungarian nobility, 1729-1878 /$fHoward N. Lupovitch 210 $aBudapest ;$aNew York $cCentral European University Press$d2007 215 $a1 online resource (331 p.) 300 $aBibliographic Level Mode of Issuance: Monograph 311 $a963-7326-66-9 320 $aIncludes bibliographical references and index. 606 $aJews$zHungary$zMiskolc$xHistory$y18th century 606 $aJews$zHungary$zMiskolc$xHistory$y19th century 606 $aJews$zHungary$zMiskolc$xPolitics and government$y18th century 606 $aJews$zHungary$zMiskolc$xPolitics and government$y19th century 606 $aJews$xEmancipation$zHungary$zMiskolc 606 $aJewish leadership$zHungary$zMiskolc$xHistory 607 $aMiskolc (Hungary)$xEthnic relations 608 $aElectronic books. 615 0$aJews$xHistory 615 0$aJews$xHistory 615 0$aJews$xPolitics and government 615 0$aJews$xPolitics and government 615 0$aJews$xEmancipation 615 0$aJewish leadership$xHistory. 676 $a943.9/9 700 $aLupovitch$b Howard N$0517117 801 0$bMiAaPQ 801 1$bMiAaPQ 801 2$bMiAaPQ 906 $aBOOK 912 $a9910451769203321 996 $aJews at the crossroads$92416372 997 $aUNINA